00560nam a2200205Ia 4500003000400000005001700004008004100021020002900062040001700091082001600108100001700124245007600141250001100217260002800228300002200256500001900278650001400297650002300311700002000334IIN20250507121140.0231217s9999 xx 000 0 und d cRs.595.00a9789356961098 aIINbEnglish a610.73bIND1 aIndran, T.K.1 aTextbook of Applied Sociology for Nurses /cT.K.Indrani & Alisha Talwar a3rd ed aNew DelhibJaypeec2023 axvii, 361p.bill. aIncludes Index1 aSociology1 aSociologyvNursing1 aTalwar, Alisha